00466nam a2200157Ia 4500003000400000005001700004008004100021040001800062041000800080082001600088100004900104245011000153260002100263600001200284650001200296OSt20260326114423.0211028s2008 xx 000 0 und d cAIMIT LIBRARY aeng a658.15 MENR aMenezes, Roshan Hilary;Ali, Hydar.g60471327 aInvestors attitude towards stock market in the city of Mangalore with special reference to ICICI direct / bAli, Hydarc2008 aFinance aFinance